[Event "Mlada Boleslav Region-ch U20"]
[Site "Mlada Boleslav"]
[Date "2013.06.22"]
[Round "4"]
[White "Pokorna, Jana"]
[Black "Strelba, Ivo"]
[Result "1-0"]
[WhiteElo "1354"]
[BlackElo "1343"]
[PlyCount "55"]
[EventDate "2013.06.22"]
[EventType "swiss"]
[EventRounds "7"]
[EventCountry "CZE"]
[SourceTitle "EXT 2015"]
[Source "ChessBase"]
[SourceDate "2014.11.20"]
[SourceVersion "1"]
[SourceVersionDate "2014.11.20"]
[SourceQuality "1"]

1. e4 c5 2. c4 Nc6 3. d3 e6 4. Nf3 Nge7 5. b3 b6 6. Bb2 Bb7 7. Nbd2 Qc7 8. g3 0-0-0 9. Bg2 d5 10. Ng5 dxc4 11. Nxf7 Rxd3 12. Bf1 Rd7 13. Nxh8 Ng6 14. Nxg6 hxg6 15. Bxc4 Qd6 16. Nf3 Qxd1+ 17. Rxd1 Rxd1+ 18. Kxd1 Nb4 19. Bxe6+ Kd8 20. Nd2 Nxa2 21. Kc2 Nb4+ 22. Kc3 Be7 23. Re1 b5 24. f4 Na2+ 25. Kc2 Nb4+ 26. Kb1 Nd3 27. Rd1 Bxe4 28. Nxe4 1-0

[Event "Mlada Boleslav Region-ch U20"]
[Site "Mlada Boleslav"]
[Date "2013.06.22"]
[Round "3"]
[White "Strelba, Ivo"]
[Black "Sadil, Jan"]
[Result "0-1"]
[WhiteElo "1343"]
[BlackElo "1612"]
[PlyCount "70"]
[EventDate "2013.06.22"]
[EventType "swiss"]
[EventRounds "7"]
[EventCountry "CZE"]
[SourceTitle "EXT 2015"]
[Source "ChessBase"]
[SourceDate "2014.11.20"]
[SourceVersion "1"]
[SourceVersionDate "2014.11.20"]
[SourceQuality "1"]

1. e4 e5 2. d4 exd4 3. Qxd4 Nc6 4. Qe3 d6 5. Nc3 Nf6 6. Bd2 Be6 7. 0-0-0 Qd7 8. f4 Bg4 9. Nge2 0-0-0 10. h3 Bxe2 11. Bxe2 Kb8 12. Be1 Qe7 13. Bh4 g6 14. Bf3 Bh6 15. Nd5 Nxd5 16. Bxe7 Nxe3 17. Bxd8 Nxd1 18. Bxc7+ Kxc7 19. Kxd1 Bxf4 20. c3 Ne5 21. Rf1 Rf8 22. Kc2 Nxf3 23. Rxf3 Be5 24. b3 f5 25. exf5 Rxf5 26. Rxf5 gxf5 27. Kd3 Kc6 28. c4 Kc5 29. g4 fxg4 30. hxg4 h6 31. a3 a5 32. Ke4 Bf6 33. Kf5 Bg5 34. Ke4 a4 35. bxa4 Kxc4 0-1

[Event "Mlada Boleslav Region-ch U20"]
[Site "Mlada Boleslav"]
[Date "2012.06.23"]
[Round "2"]
[White "Vesely, Libor"]
[Black "Strelba, Ivo"]
[Result "1-0"]
[WhiteElo "1331"]
[BlackElo "1299"]
[PlyCount "55"]
[EventDate "2012.06.23"]
[EventType "swiss"]
[EventRounds "7"]
[EventCountry "CZE"]
[SourceTitle "EXT 2014"]
[Source "ChessBase"]
[SourceDate "2013.11.20"]
[SourceVersion "1"]
[SourceVersionDate "2013.11.20"]
[SourceQuality "1"]

1. d4 d5 2. c4 e6 3. Nc3 c5 4. Bf4 a6 5. Nf3 Nf6 6. e3 Nc6 7. Ne5 Be7 8. Nxc6 bxc6 9. b3 0-0 10. Be2 cxd4 11. Qxd4 c5 12. Qd3 d4 13. Na4 Qa5+ 14. Qd2 Qxd2+ 15. Kxd2 Ne4+ 16. Kc2 Nxf2 17. Rhf1 Bf6 18. Rxf2 d3+ 19. Bxd3 Bxa1 20. Be4 Ra7 21. Bb8 Rd7 22. Bc6 Bf6 23. Bxd7 Bxd7 24. Nxc5 Rxb8 25. Nxd7 Rb7 26. Nxf6+ gxf6 27. Rxf6 Kg7 28. Rf2 1-0